Statistiques concernant Pokémon : Les chefs de Teams

Cliquez ici pour prendre le quiz!

Statistiques générales

  • Ce quiz a été pris 41 fois
  • Le résultat moyen est 8 sur 10

Statistiques - réponses

HintRéponse% Correct
Team RocketGiovanni
100%
Team Rainbow RocketGiovanni
100%
Team PlasmaN ou Ghetis/Ghetsis
100%
Team GalaxieHélio/Cyrus
94%
Team AquaArthur/Archie
91%
Team MagmaMax/Maxie
91%
Team FlareLysandre
83%
Team SkullGuzma
66%
Team YellPeterson/Piers
57%
Team StarCassiopée
23%

Distribution des résultats

Percentile par nombre de réponses

% des personnes avec chaque résultat

Votre développement - résultats

Vous n’avez pas pris ce quiz